000 00716nam a2200241 i 4500
001 C2-0300350
003 PPAK
005 20180728081858.0
008 091104s2008 my |||| ||||| | may d
020 _a9789675137068
040 _aPPAK
_beng
_cPPAK
_erda
082 0 4 _a297.577
_223
090 0 0 _a297.577
_bBAS
_dG
100 0 _aBasri Ibrahim,
_eauthor
245 1 0 _aHidup bahagia dengan poligami
264 1 _aBatu Caves, Selangor :
_bPTS Islamika ,
_c2008
300 _avii,121 pages ;
_c22 cm
336 _2rdacontent
_atext
337 _2rdamedia
_aunmediated
338 _2rdacarrier
_avolume
650 1 0 _aPolygamy - Religious aspects - Islam. ; Marriage - Religious aspects - Islam.
942 _ddc
_cB
999 _c104242
_d104242